Corporate Real Estate (CRE) performance of oil & gas companies in Malaysia /
Saved in:
| Main Author: | |
|---|---|
| Format: | Thesis Book |
| Language: | English |
| Published: |
2017.
|
| Subjects: | |
| Tags: |
Add Tag
No Tags, Be the first to tag this record!
|
| LEADER | 01171cam a2200289 i 4500 | ||
|---|---|---|---|
| 001 | u1073263 | ||
| 003 | SIRSI | ||
| 005 | 201801171634 | ||
| 008 | 180117t2017 my a m 000 0 eng | ||
| 040 | |a UMAB |e rda | ||
| 043 | |a a-my--- | ||
| 097 | |a HD1394 |b UM 2017 Kal | ||
| 100 | 0 | |a Kalai Selvan Ramasamy., |e author | |
| 245 | 1 | 0 | |a Corporate Real Estate (CRE) performance of oil & gas companies in Malaysia / |c Kalai Selvan a/l Ramasamy. |
| 246 | 3 | |a Corporate Real Estate (CRE) performance of oil and gas companies in Malaysia | |
| 264 | 1 | |c 2017. | |
| 264 | 4 | |c 2017. | |
| 300 | |a xii, 102 leaves : |b illustrations ; |c 30 cm. | ||
| 502 | |b M.Sc (Est. Mgmt) |c Jabatan Pengurusan Harta Tanah, Fakulti Alam Bina, Universiti Malaya |d 2017. | ||
| 504 | |a Bibliography: leaves 95-102. | ||
| 650 | 0 | |a Real estate management |z Malaysia. | |
| 650 | 0 | |a Commercial real estate |z Malaysia. | |
| 650 | 0 | |a Petroleum industry and trade |x Management. | |
| 710 | 2 | |a Universiti Malaya. |b Jabatan Pengurusan Harta Tanah, |e degree granting institution. | |
| 900 | |a HF | ||
| 596 | |a 11 | ||
| 999 | |a HD1394 UM 2017 KAL |w LC |c 1 |i A516350507 |d 12/2/2018 |f 12/2/2018 |g 1 |l STACKS |m P11ALMBINA |r Y |s Y |t TESIS |u 12/2/2018 | ||
